000 01282nam a2200325 a 4500
001 000111926
003 CHAP
005 20220817044702.0
008 151015s2015 mx a fsm |||||||spa d
010 _a108387
011 _a109359
040 _cCHAP
090 _aTesis
100 1 _aVarela Ramírez, Mario Alberto
_9129941
245 1 0 _aAnálisis de las principales variables macroeconómicas y su impacto en el crecimiento y de sarrollo del sector agropecuario en México 1982-2014
_h[En línea]
_cpor Mario Alberto Varela Ramírez.
260 _aChapingo, Méx. :
_bEl autor,
_c2015.
500 _aPara ver el contenido del material haga clic en la liga
502 _aTesis (M.C. en Economía Agrícola) -- UACH. División de Ciencias Económico Administrativas
590 _aE6096MTM
_b05
_c20151015
_lUCH01
_h0851
590 _aE6096MTM
_b05
_c20151015
_lUCH01
_h0857
650 1 4 _aAgricultura
_xAspectos económicos.
650 1 4 _aDesarrollo económico
_xModelos matemáticos.
_932054
650 1 4 _aDesarrollo económico
_zMéxico.
_9126104
650 1 4 _aGanadería
_xAspectos económicos.
_944616
650 1 4 _aMacroeconomía.
_969550
856 _aFinding aid
_uhttp://10.13.5.2/tesis/sist111926.pdf
_zTeclea aquí
901 _aBK
942 _cTESIS
942 _n0
999 _c108387
_d108387